Principios de Contabilidad (Registro nro. 1777)

Detalles MARC
000 -LEADER
fixed length control field 01242 a2200229 4500
001 - CONTROL NUMBER
control field 28987
005 - DATE AND TIME OF LATEST TRANSACTION
control field 20260407155559.0
008 - FIXED-LENGTH DATA ELEMENTS--GENERAL INFORMATION
fixed length control field 260407a1945 arg spa d
003 - CONTROL NUMBER IDENTIFIER
control field AR-UNSa-BCEJYS
040 ## - CATALOGING SOURCE
Original cataloging agency AR-UNSa-BCEJYS
Language of cataloging spa
Transcribing agency AR-UNSa-BCEJYS
080 ## - UNIVERSAL DECIMAL CLASSIFICATION NUMBER
Universal Decimal Classification number 657
Common auxiliary subdivision Contabilidad
041 ## - LANGUAGE CODE
Language code of text/sound track or separate title spa
100 1# - MAIN ENTRY--PERSONAL NAME
Personal name Himmelblau, David
245 10 - TITLE STATEMENT
Title Principios de Contabilidad
250 ## - EDITION STATEMENT
Edition statement 2a. ed.
264 #1 - PRODUCTION, PUBLICATION, DISTRIBUTION, MANUFACTURE, AND COPYRIGHT NOTICE
Place of production, publication, distribution, manufacture México :
Name of producer, publisher, distributor, manufacturer Unión Tipográfica Editorial Hispano-Americana (UTEHA)
Date of production, publication, distribution, manufacture, or copyright notice 1945
300 ## - PHYSICAL DESCRIPTION
Extent 359 p.
Dimensions 25 cm.
505 ## - FORMATTED CONTENTS NOTE
Formatted contents note 1. Sociedad - 2. El sistema de pólizas; Registros de pólizas - 3. Contabilidad para negocios en grande escala - 4. Prorrateo de los gastos; Reservas complementarias de activo - 5. Costo de producción y costo de la mercancías vendidas - 6. Superavit - 7. Estados financieros - 8. Dividendos - 9. Sistema de mayores auxiliares para la contabilidad industrial - 10. Procedimientos para emisión de bonos - 11. Erogaciones capitalizables y gastos - 12. Fondo de amortización; Reserva para fondos de amortización - 13. Inversiones: producto de inversiones - 14. El control por medio de las cuentas - 15. Repaso General
590 ## - LOCAL NOTE (RLIN)
Local note niveau_biblio:m niveau_hierar:0
700 1# - ADDED ENTRY--PERSONAL NAME
Personal name Espinosa, Abel
942 ## - ADDED ENTRY ELEMENTS (KOHA)
Koha item type
Existencias
Withdrawn status Lost status Damaged status Not for loan Home library Current library Shelving location Date acquired Total checkouts Full call number Barcode Date last seen Price effective from Koha item type
        Biblioteca Prof. Eusebio Cleto del Rey Biblioteca Prof. Eusebio Cleto del Rey   07/04/2026   657 H658 v.2 2ed. L21900 07/04/2026 07/04/2026 Libro
        Biblioteca Prof. Eusebio Cleto del Rey Biblioteca Prof. Eusebio Cleto del Rey   07/04/2026   657 H658 v.2 2ed. L20135 07/04/2026 07/04/2026 Libro